000 01075 a2200229 4500
999 _c11245
_d11245
020 _a1588107000
050 0 0 _aRD120.76
_bFUL2002
100 1 _aFullick, Ann,
_d1956-
_eauthor
245 1 0 _aRebuilding the body :
_borgan transplantation /
_cAnn Fullick.
264 _aChicago:
_b Heinemann Library,
_c2002
300 _a64 pages
_bcoloured illustrations
336 _2rdacontent
_atext
_btxt
337 _2rdamedia
_aunmediated
_bn
338 _2rdacarrier
_avolume
_bnc
440 0 _aScience at the edge
504 _aIncludes bibliographical references (p. 63) and index.
505 0 _aThe organs of the body -- Organ failure! -- New parts for old -- How is it done? -- Rejection -- Life from death -- Lucy's story -- Pushing the boundaries -- Research : the cutting edge -- Into the future.
650 0 _aTransplantation of organs, tissues, etc.
650 1 _aTransplantation of organs, tissues, etc.
942 _2lcc
_cBK
_h120.76
_iFUL
_kRD